Digital communication over fading channels (Record no. 105727)
[ view plain ]
| 000 -LEADER | |
|---|---|
| fixed length control field | 01471nam a22003494a 4500 |
| 082 04 - DEWEY DECIMAL CLASSIFICATION NUMBER | |
| Classification number | 621.382 |
| 100 1# - MAIN ENTRY--AUTHOR NAME | |
| Personal name | Simon, Marvin Kenneth, |
| 245 10 - TITLE STATEMENT | |
| Title | Digital communication over fading channels |
| 250 ## - EDITION STATEMENT | |
| Edition statement | 2nd ed. |
| 260 ## - PUBLICATION, DISTRIBUTION, ETC. (IMPRINT) | |
| Place of publication | Hoboken, N.J. : |
| Name of publisher | Wiley-Interscience, |
| Year of publication | c2005. |
| 300 ## - PHYSICAL DESCRIPTION | |
| Number of Pages | xxxiv, 900 p. : |
| Other physical details | ill. |
| 490 1# - SERIES STATEMENT | |
| Series statement | Wiley series in telecommunications and signal processing |
| 650 #0 - SUBJECT ADDED ENTRY--TOPICAL TERM | |
| Topical Term | Digital communications |
| Topical Term | Radio |
| 700 1# - ADDED ENTRY--PERSONAL NAME | |
| Personal name | Alouini, Mohamed-Slim. |
| 856 40 - ELECTRONIC LOCATION AND ACCESS | |
| Uniform Resource Identifier | http://site.ebrary.com/lib/rucke/Doc?id=10114186 |
No items available.
